A woman of substance / (Registro nro. 14183)

Detalles MARC
000 -LIDER
fixed length control field 00660nam a2200229 4500
001 - NÚMERO DE CONTROL
Identificador de número de control
003 - IDENTIFICACDOR DE NÚMERO DE CONTROL
control field DO-SdBNP
005 - DATE AND TIME OF LATEST TRANSACTION
control field 20220620122426.0
008 - ELEMENTOS DE LONGITUD FIJA
fixed length control field 781228s1979 nyu 000 1 eng
040 ## - FUENTE DE CATALOGACIÓN
Agencia que crea de manera original el registro BPMSU
Idioma de catalogación spa
Agencia que realiza la transcripción BPMSU
Agencia que realiza la modificación
082 00 - NÚMERO DE CLASIFICACIÓN DECIMAL DE DEWEY
Classification number 823
Item number B799a 1979
Edition number 22
100 1# - ASIENTO PRINCIPAL -- NOMBRE PERSONAL
Nombre personal Bradford, Barbara Taylor,
Fechas asociadas con el nombre 1933-
245 10 - MENCIÓN DE TITULO
Título A woman of substance /
Mención de responsabilidad Barbara Taylor Bradford.
260 ## - PUBLICACIÓN, DISTRIBUCIÓN, ETC. (PIE DE IMPRENTA)
Lugar de publicación, distribución, etc Garden City, N.Y. :
Nombre del editor, distribuidor, etc. Doubleday,
Fecha de publicación, distribución, etc 1979.
300 ## - DESCRIPCIÓN FÍSICA
Extensión viii, 755 p., ;
Dimensiones 23 cm.
590 ## - NOTA LOCAL
Enlace Invetariado, 2022/VM
650 #4 - ENCABEZAMIENTO DE MATERIA--TEMÁTICO
Término temático o nombre geográfico como elemento de entrada Novela inglesa
Subdivisión temática general
650 #4 - ENCABEZAMIENTO DE MATERIA--TEMÁTICO
Término temático o nombre geográfico como elemento de entrada Novela doméstica.
655 ## - INDEX TERM--GENRE/FORM
Source of term
906 ## - LOCAL DATA ELEMENT F, LDF (RLIN)
a 7
b cbc
c orignew
d 1
e ocip
f 19
g y-gencatlg
942 ## - ADDED ENTRY ELEMENTS (KOHA)
Source of classification or shelving scheme Dewey Decimal Classification
Koha item type Libros
Existencias
Withdrawn status Lost status Source of classification or shelving scheme Damaged status Not for loan Collection code Home library Current library Date acquired Total Checkouts Full call number Barcode Date last seen Price effective from Koha item type
    Dewey Decimal Classification     Colección General Biblioteca Pública Metropolitana Salomé Ureña Biblioteca Pública Metropolitana Salomé Ureña 05/04/2022   BPMSU CG 823 B799a 1979 BPMSU22050006 05/04/2022 05/04/2022 Libros
    Dewey Decimal Classification     Colección General Biblioteca Pública Metropolitana Salomé Ureña Biblioteca Pública Metropolitana Salomé Ureña 05/04/2022   BPMSU CG 823 B799a 1979 BPMSU22050007 05/04/2022 05/04/2022 Libros